000
00274nam a22001097a 4500
008
160510b xxu||||| |||| 00| 0 eng d
020
_a
0721685501
041
_a
eng
080
_a
616.31
245
_a
A textbook of Preventive dentistry:
_c
Richard E. Stallard;
942
_2
udc
_c
BK
999
_c
1931
_d
1931